[Event "Sao Paulo Carnaval op"]
[Site "Sao Paulo"]
[Date "2025.03.03"]
[Round "6"]
[White "Lacerda, Vinicius"]
[Black "Alves, Ricardo Castagnari"]
[Result "1/2-1/2"]
[WhiteElo "1873"]
[BlackElo "1794"]
[PlyCount "118"]
[EventDate "2025.03.01"]
[EventType "swiss (rapid)"]
[EventRounds "6"]
[EventCountry "BRA"]
[SourceTitle "CB10_2025"]
[SourceDate "2025.03.05"]
[SourceVersion "1"]
[SourceVersionDate "2025.03.05"]
[SourceQuality "1"]

1. d4 Nf6 2. Bg5 d5 3. Nf3 e6 4. Nbd2 Be7 5. e3 h6 6. Bh4 b6 7. Bd3 Bb7 8. 0-0 Nbd7 9. c3 0-0 10. Ne5 Nxe5 11. dxe5 Nd7 12. Bxe7 Qxe7 13. f4 c5 14. Rf3 c4 15. Bc2 f6 16. exf6 Nxf6 17. Rg3 e5 18. b3 b5 19. Rb1 a6 20. a4 Bc6 21. a5 Be8 22. bxc4 dxc4 23. Ne4 Rd8 24. Nxf6+ Qxf6 25. Qg4 exf4 26. Rf1 h5 27. Qg5 Qxg5 28. Rxg5 fxe3 29. Re1 Rd2 30. Be4 Ra2 31. h3 Rxa5 32. Rxe3 Ra3 33. Reg3 Ra1+ 34. Kh2 Rff1 35. Rxg7+ Kf8 36. Rg8+ Ke7 37. R3g7+ Bf7 38. Rh8 Rae1 39. Bb7 Rf6 40. Rxh5 Kf8 41. Rhg5 Re3 42. Rg3 Rxg3 43. Rxg3 a5 44. Rg5 Rb6 45. Be4 Be8 46. Rf5+ Ke7 47. Bf3 Re6 48. h4 a4 49. Bd5 Re3 50. h5 Kd6 51. h6 Re7 52. Bg8 Re4 53. g3 Re2+ 54. Kg1 Bc6 55. Rf6+ Kc5 56. Rxc6+ Kxc6 57. h7 Re1+ 58. Kg2 Re2+ 59. Kg1 Re1+ 1/2-1/2

[Event "Sao Paulo Carnaval op"]
[Site "Sao Paulo"]
[Date "2025.03.02"]
[Round "4"]
[White "Lacerda, Vinicius"]
[Black "Oliveira, Guilherme Martins"]
[Result "1/2-1/2"]
[WhiteElo "1873"]
[BlackElo "1946"]
[PlyCount "55"]
[EventDate "2025.03.01"]
[EventType "swiss (rapid)"]
[EventRounds "6"]
[EventCountry "BRA"]
[SourceTitle "CB10_2025"]
[SourceDate "2025.03.05"]
[SourceVersion "1"]
[SourceVersionDate "2025.03.05"]
[SourceQuality "1"]

1. d4 d6 2. Nf3 g6 3. e4 Nf6 4. Bd3 Bg7 5. 0-0 0-0 6. Bg5 c5 7. c3 Bg4 8. Nbd2 cxd4 9. cxd4 Nc6 10. h3 Bxf3 11. Nxf3 Qb6 12. d5 Nb4 13. a3 Nxd3 14. Qxd3 Nd7 15. Rab1 Nc5 16. Qe3 Rfe8 17. Rfe1 e6 18. Qd2 exd5 19. Qxd5 Qb3 20. Qxd6 Nxe4 21. Qd7 h6 22. Nd2 Qa2 23. Ra1 Qxb2 24. Rab1 Qd4 25. Qxd4 Bxd4 26. Rxe4 Rxe4 27. Nxe4 hxg5 28. Rxb7 1/2-1/2

[Event "Sao Paulo Carnaval op"]
[Site "Sao Paulo"]
[Date "2025.03.01"]
[Round "1"]
[White "Nobre, Jose Adalberto Barb"]
[Black "Lacerda, Vinicius"]
[Result "0-1"]
[WhiteElo "1630"]
[BlackElo "1873"]
[PlyCount "66"]
[EventDate "2025.03.01"]
[EventType "swiss (rapid)"]
[EventRounds "6"]
[EventCountry "BRA"]
[SourceTitle "CB10_2025"]
[SourceDate "2025.03.05"]
[SourceVersion "1"]
[SourceVersionDate "2025.03.05"]
[SourceQuality "1"]

1. e4 e6 2. d4 d5 3. Nc3 Bb4 4. e5 c5 5. Bd2 cxd4 6. Nb5 Bc5 7. Bd3 a6 8. Qg4 Ne7 9. Nxd4 Qb6 10. Ngf3 Ng6 11. c3 Qxb2 12. 0-0 Nc6 13. Nxc6 bxc6 14. Qa4 Qb6 15. Rab1 Qc7 16. c4 Bd7 17. Ba5 Qa7 18. Bb4 0-0 19. Bxc5 Qxc5 20. cxd5 exd5 21. Rb7 Rfd8 22. Bxg6 hxg6 23. Qh4 Qc4 24. Qe7 Be6 25. Ng5 Re8 26. Qc7 Rac8 27. Qd6 Rcd8 28. Qa3 d4 29. Qg3 d3 30. Nxe6 Rxe6 31. Qg5 Rde8 32. Rd7 Rxe5 33. Qg3 d2 0-1

[Event "Timbo U2400 op"]
[Site "Timbo"]
[Date "2025.02.15"]
[Round "2"]
[White "Alves, Lucas Fernando"]
[Black "Lacerda, Vinicius"]
[Result "0-1"]
[WhiteElo "1535"]
[BlackElo "1881"]
[PlyCount "76"]
[EventDate "2025.02.14"]
[EventType "swiss"]
[EventRounds "6"]
[EventCountry "BRA"]
[SourceTitle "CB10_2025"]
[SourceDate "2025.03.05"]
[SourceVersion "1"]
[SourceVersionDate "2025.03.05"]
[SourceQuality "1"]

1. e4 e6 2. d3 d5 3. Nd2 Bd6 4. Ngf3 c5 5. g3 Nc6 6. Bg2 Nf6 7. 0-0 0-0 8. Re1 dxe4 9. dxe4 Bc7 10. c4 e5 11. a3 Bg4 12. Qc2 Qd7 13. Nf1 Nd4 14. Nxd4 cxd4 15. Qd3 h6 16. h4 Rac8 17. Nh2 Be6 18. Bd2 Qc6 19. Rec1 Nd7 20. Bf1 Nc5 21. Qc2 Qxe4 22. b4 Qxc2 23. Rxc2 Nb3 24. Rd1 Nxd2 25. Rdxd2 a5 26. Bg2 axb4 27. axb4 b6 28. Rc1 Bd6 29. Rdc2 Bxb4 30. Nf3 f6 31. Bf1 Bf5 32. Ra2 Ra8 33. Rca1 Rxa2 34. Rxa2 Rc8 35. Ra4 Ba5 36. h5 d3 37. Ra3 d2 38. Ra1 Bc3 0-1

[Event "Sao Paulo Hebraica op 33rd"]
[Site "Sao Paulo"]
[Date "2024.06.30"]
[Round "5"]
[White "Da Rosa, Henrique Jaze Simoe"]
[Black "Lacerda, Vinicius"]
[Result "1-0"]
[WhiteElo "1962"]
[BlackElo "1873"]
[PlyCount "125"]
[EventDate "2024.06.28"]
[EventType "swiss"]
[EventRounds "6"]
[EventCountry "BRA"]
[SourceTitle "CBM 221 Extra"]
[Source "ChessBase"]
[SourceDate "2024.09.30"]
[SourceVersion "1"]
[SourceVersionDate "2024.09.30"]
[SourceQuality "1"]

1. Nf3 d5 2. c4 c6 3. g3 Nf6 4. Bg2 Nbd7 5. cxd5 cxd5 6. d4 g6 7. 0-0 Bg7 8. Nc3 0-0 9. Bf4 a6 10. Rc1 b5 11. Qb3 Nb6 12. Nxb5 axb5 13. Bc7 Qe8 14. Bxb6 Bf5 15. Ne5 Ra6 16. Bc5 Be6 17. Ba3 Ra4 18. Nc6 Qd7 19. Qxb5 Rfa8 20. Nxe7+ Kh8 21. Qxd7 Nxd7 22. e3 Nb6 23. Bc5 Bf6 24. Nc6 Nd7 25. a3 Kg7 26. b3 R4a6 27. Nb4 Rxa3 28. Nxd5 Nxc5 29. Rxc5 Rb8 30. Nxf6 Kxf6 31. Bd5 Bxd5 32. Rxd5 Rbxb3 33. Rc1 Rb2 34. Rc6+ Kg7 35. Rdd6 Raa2 36. Rf6 Re2 37. g4 Re1+ 38. Kg2 Rxe3 39. Rf4 Rd2 40. Rc7 Ree2 41. g5 Kg8 42. Rcxf7 Re8 43. Rd7 Ree2 44. h4 Rd3 45. d5 Re5 46. Rc4 Re8 47. Rcc7 Rd4 48. Rg7+ Kh8 49. Rxh7+ Kg8 50. Rhg7+ Kh8 51. Rxg6 Rg4+ 52. Kh3 Rxh4+ 53. Kxh4 Re4+ 54. Kg3 Rg4+ 55. Kf3 Rf4+ 56. Ke3 Re4+ 57. Kd3 Rd4+ 58. Kc3 Rd3+ 59. Kc4 Rd4+ 60. Kc5 Rxd5+ 61. Kc6 Rc5+ 62. Kb7 Rb5+ 63. Rb6 1-0

[Event "Hebraica op 32nd"]
[Site "Hebraica"]
[Date "2024.02.04"]
[Round "5"]
[White "Caraca, Matheus Rodrigues"]
[Black "Lacerda, Vinicius"]
[Result "0-1"]
[WhiteElo "1460"]
[BlackElo "1797"]
[PlyCount "86"]
[EventDate "2024.02.02"]
[EventType "swiss"]
[EventRounds "6"]
[EventCountry "BRA"]
[SourceTitle "CBM 218 Extra"]
[Source "ChessBase"]
[SourceDate "2024.03.31"]
[SourceVersion "1"]
[SourceVersionDate "2024.03.31"]
[SourceQuality "1"]

1. e4 e5 2. Nf3 Nf6 3. Nc3 Bb4 4. a3 Bxc3 5. dxc3 d6 6. Bd3 Bg4 7. h3 Bh5 8. 0-0 Nc6 9. Re1 Qd7 10. Be2 0-0-0 11. Nxe5 Bxe2 12. Nxd7 Bxd1 13. Nxf6 Bxc2 14. Ng4 Rde8 15. f3 f5 16. Nf2 fxe4 17. fxe4 d5 18. Re2 Bxe4 19. Nxe4 Rxe4 20. Rxe4 dxe4 21. Be3 Kd7 22. Kf2 Ke6 23. Rd1 Rf8+ 24. Ke2 Rf5 25. Bc1 Ne5 26. Rd4 Nc6 27. Rxe4+ Kd5 28. Rg4 g6 29. Bf4 h5 30. Rg5 Rxg5 31. Bxg5 Kc4 32. Kd2 Kb3 33. Kc1 Ne5 34. Kb1 Nd3 35. Bc1 c5 36. Be3 b5 37. g4 hxg4 38. hxg4 a5 39. Ka1 c4 40. Bb6 a4 41. Bd8 Nxb2 42. Be7 Nd1 43. Bb4 Nxc3 0-1

[Event "Sao Paulo Hebraica op 27th"]
[Site "Sao Paulo"]
[Date "2020.01.10"]
[Round "1"]
[White "Barberi, Catarina"]
[Black "Lacerda, Vinicius"]
[Result "0-1"]
[WhiteElo "1321"]
[BlackElo "1794"]
[PlyCount "96"]
[EventDate "2020.01.10"]
[EventType "swiss"]
[EventRounds "6"]
[EventCountry "BRA"]
[SourceTitle "CBM 194 Extra"]
[Source "ChessBase"]
[SourceDate "2020.03.31"]
[SourceVersion "1"]
[SourceVersionDate "2020.03.31"]
[SourceQuality "1"]

1. d4 Nf6 2. c4 g6 3. Nf3 Bg7 4. Nc3 0-0 5. e4 d6 6. Be2 Na6 7. 0-0 c5 8. d5 Nc7 9. Be3 a6 10. h3 b5 11. Qc2 b4 12. Nb1 a5 13. Nbd2 a4 14. Bd3 Nd7 15. Rab1 e6 16. Qd1 a3 17. bxa3 Rxa3 18. Qc2 Rc3 19. Qd1 Rxd3 20. Ne1 Ra3 21. Qc2 exd5 22. exd5 Ne5 23. Ndf3 Bf5 24. Qd1 Bxb1 25. Qxb1 Nxc4 26. Nc2 Ra8 27. Qb3 Nxe3 28. Nxe3 Ra3 29. Qc2 Nb5 30. Rc1 Rc3 31. Qd2 Rxc1+ 32. Qxc1 Nc3 33. Qc2 Qa5 34. Nc4 Qxa2 35. Qxa2 Nxa2 36. Nxd6 b3 37. Nd2 b2 38. N6e4 c4 39. Nb1 Re8 40. f3 c3 41. Na3 c2 42. Nxc2 b1Q+ 43. Kh2 Be5+ 44. Ng3 Bxg3+ 45. Kxg3 Qxc2 46. d6 Re2 47. d7 Rxg2+ 48. Kh4 Qf2# 0-1

[Event "Sao Paulo ECP op 5th"]
[Site "Sao Paulo"]
[Date "2019.11.30"]
[Round "3"]
[White "Costa, Iaggo Bernini"]
[Black "Lacerda, Vinicius"]
[Result "0-1"]
[WhiteElo "1562"]
[BlackElo "1794"]
[PlyCount "72"]
[EventDate "2019.11.29"]
[EventType "swiss"]
[EventRounds "6"]
[EventCountry "BRA"]
[SourceTitle "CBM 193 Extra"]
[Source "ChessBase"]
[SourceDate "2020.01.31"]
[SourceVersion "1"]
[SourceVersionDate "2020.01.31"]
[SourceQuality "1"]

1. e4 e6 2. d4 d5 3. Nd2 Nf6 4. e5 Ne4 5. Nxe4 dxe4 6. Bc4 a6 7. a4 Bd7 8. Ne2 Bc6 9. Be3 Nd7 10. Ng3 Nb6 11. Bb3 Be7 12. Qg4 g6 13. Nxe4 Nd5 14. Bh6 Qd7 15. 0-0 0-0-0 16. Rfd1 Rhg8 17. c4 Nb4 18. Qf4 a5 19. Nc3 Qe8 20. d5 g5 21. Qg4 Bd7 22. d6 cxd6 23. exd6 Bf6 24. Qg3 Rg6 25. Qh3 Bc6 26. Rab1 Be5 27. Nb5 Qh8 28. Na7+ Kb8 29. Nxc6+ Nxc6 30. Bc2 f5 31. g4 Qf6 32. Bxg5 Qxg5 33. Qxh7 Qxg4+ 34. Kf1 Rg7 35. Qh6 Qg2+ 36. Ke2 Nd4+ 0-1

[Event "Sao Paulo Karman Cup"]
[Site "Sao Paulo"]
[Date "2019.08.18"]
[Round "6"]
[White "Lacerda, Vinicius"]
[Black "Gomes, Joao Paulo Santos"]
[Result "1-0"]
[WhiteElo "1807"]
[BlackElo "1554"]
[PlyCount "59"]
[EventDate "2019.08.16"]
[EventType "swiss"]
[EventRounds "6"]
[EventCountry "BRA"]
[SourceTitle "EXT 2021"]
[Source "ChessBase"]
[SourceDate "2020.10.23"]
[SourceVersion "1"]
[SourceVersionDate "2020.10.23"]
[SourceQuality "1"]

1. d4 Nf6 2. Bg5 d5 3. Nf3 e6 4. Nbd2 Be7 5. e3 0-0 6. Bd3 Nbd7 7. 0-0 h6 8. Bh4 c5 9. c3 c4 10. Bc2 b5 11. Ne5 Nxe5 12. dxe5 Nd7 13. Bxe7 Qxe7 14. f4 f6 15. exf6 Nxf6 16. Nf3 Qc5 17. Qe2 Ng4 18. Rae1 e5 19. h3 exf4 20. hxg4 Bxg4 21. Qf2 Bxf3 22. gxf3 Qd6 23. e4 dxe4 24. Bxe4 Rad8 25. Rd1 Qe7 26. Rfe1 Qc7 27. Qh4 Qb6+ 28. Kh1 a5 29. Rg1 Qxg1+ 30. Rxg1 1-0

[Event "Sao Paulo Karman Cup"]
[Site "Sao Paulo"]
[Date "2019.08.17"]
[Round "4"]
[White "Lacerda, Vinicius"]
[Black "Brujin, Homero"]
[Result "1-0"]
[WhiteElo "1807"]
[BlackElo "1505"]
[PlyCount "113"]
[EventDate "2019.08.16"]
[EventType "swiss"]
[EventRounds "6"]
[EventCountry "BRA"]
[SourceTitle "EXT 2021"]
[Source "ChessBase"]
[SourceDate "2020.10.23"]
[SourceVersion "1"]
[SourceVersionDate "2020.10.23"]
[SourceQuality "1"]

1. d4 Nf6 2. Bg5 g6 3. Bxf6 exf6 4. g3 Bg7 5. Bg2 0-0 6. Nf3 d5 7. 0-0 c6 8. Nbd2 Re8 9. c4 Be6 10. Rc1 Bh6 11. Rc3 Nd7 12. Re1 Nb6 13. b3 Qd7 14. e4 a5 15. cxd5 cxd5 16. e5 f5 17. h4 Qe7 18. Nf1 a4 19. Ne3 Qb4 20. Rc5 Qa3 21. Rb5 Ra6 22. Nc2 Qe7 23. Nb4 Bd7 24. Rxb6 Rxb6 25. Nxd5 Qd8 26. Nxb6 Qxb6 27. bxa4 Ra8 28. Qb3 Qc7 29. Rb1 Ra7 30. d5 Bxa4 31. d6 Qd7 32. Qb6 Ra8 33. Qxb7 Qxb7 34. Rxb7 Rd8 35. Nd4 Bd7 36. Bc6 Be6 37. a4 f4 38. a5 fxg3 39. fxg3 Be3+ 40. Kg2 Bxd4 41. Rb5 Bd7 42. Bxd7 Rxd7 43. Kf3 f5 44. a6 Kf7 45. Kf4 h6 46. Rb4 Bg1 47. Rc4 Bb6 48. Rc6 Bd8 49. Rc8 Bb6 50. h5 Ra7 51. hxg6+ Ke6 52. Re8+ Kd5 53. Kxf5 Bd4 54. Re7 Rxa6 55. g7 Ra8 56. d7 Rg8 57. Re8 1-0

[Event "Sao Bernardo do Campo LXSBC"]
[Site "Sao Bernardo do Campo"]
[Date "2018.11.24"]
[Round "4.4"]
[White "Lacerda, Vinicius"]
[Black "Desideri, Ricardo Maruchi"]
[Result "1-0"]
[WhiteElo "1720"]
[BlackElo "1970"]
[PlyCount "113"]
[EventDate "2018.11.23"]
[EventType "swiss"]
[EventRounds "5"]
[EventCountry "BRA"]
[SourceTitle "EXT 2022"]
[Source "ChessBase"]
[SourceDate "2021.10.06"]
[SourceVersion "1"]
[SourceVersionDate "2021.10.06"]
[SourceQuality "1"]

1. d4 d6 2. Nf3 g6 3. Bg5 Bg7 4. Nbd2 Nd7 5. e3 Ngf6 6. Bd3 0-0 7. 0-0 c6 8. c4 Qc7 9. Rc1 e5 10. Ne4 Nxe4 11. Bxe4 f5 12. Bc2 Nf6 13. c5 dxc5 14. dxe5 Ne4 15. Bb3+ Kh8 16. Bf4 Qe7 17. h4 h6 18. a4 Be6 19. Qc2 b5 20. Rfd1 c4 21. Ba2 a6 22. b3 c3 23. Nd4 b4 24. f3 g5 25. fxe4 gxf4 26. exf5 Bd5 27. f6 Bxf6 28. exf6 Qxe3+ 29. Qf2 Rg8 30. Qxe3 Rxg2+ 31. Kf1 fxe3 32. Rc2 Rxc2 33. Nxc2 Bf3 34. Rd7 Rf8 35. f7 Bd5 36. Nxe3 Bxf7 37. Ke1 Bg6 38. Rd6 c2 39. Rxc6 Re8 40. Kd2 Be4 41. Rc7 Rf8 42. Nxc2 Rf2+ 43. Kc1 Rh2 44. Nxb4 a5 45. Nc2 Rxh4 46. Rc5 Rh2 47. Bb1 h5 48. Rxa5 h4 49. Rh5+ Kg7 50. a5 Kg6 51. Rh8 Kg7 52. Re8 Bg6 53. Re3 Rh1+ 54. Kb2 Rd1 55. Rh3 Rd5 56. b4 Rb5 57. Rxh4 1-0

[Event "Sao Bernardo do Campo LXSBC"]
[Site "Sao Bernardo do Campo"]
[Date "2018.11.23"]
[Round "2.2"]
[White "Lacerda, Vinicius"]
[Black "Dos Santos, Lucas Aparecido"]
[Result "0-1"]
[WhiteElo "1720"]
[BlackElo "1971"]
[PlyCount "48"]
[EventDate "2018.11.23"]
[EventType "swiss"]
[EventRounds "5"]
[EventCountry "BRA"]
[SourceTitle "EXT 2022"]
[Source "ChessBase"]
[SourceDate "2021.10.06"]
[SourceVersion "1"]
[SourceVersionDate "2021.10.06"]
[SourceQuality "1"]

1. e4 e5 2. Nf3 Nc6 3. d4 exd4 4. Nxd4 Bc5 5. Nb3 Bb6 6. Nc3 Qf6 7. Qe2 Nge7 8. Be3 d6 9. 0-0-0 Be6 10. f4 Bg4 11. Qxg4 Bxe3+ 12. Kb1 Bxf4 13. Bb5 Qg5 14. Qf3 0-0 15. Nd5 Nxd5 16. Rxd5 Ne5 17. h4 Qh6 18. Qd1 c6 19. Rxd6 Ng6 20. g4 cxb5 21. g5 Bxg5 22. h5 Rad8 23. hxg6 Rxd6 24. gxh7+ Qxh7 0-1